| 000 | 00895nam a22002537a 4500 | ||
|---|---|---|---|
| 999 |
_c7915 _d7915 |
||
| 003 | AR-CdUCM | ||
| 008 | 190320b ||||| |||| 00| 0 spa d | ||
| 020 | _a978-99954-824-8-0 | ||
| 040 |
_aMUNICIPALIDAD PROVINCIAL DEL CUSCO _cBIBLIOTECA MUNICIPAL DEL CUSCO |
||
| 082 |
_a633.7 / _bK94 |
||
| 100 |
_aSeki, Kunihiro _921157 |
||
| 245 |
_aCoca: un biobanco : _bInvestigacion cientifica sobre alimentación, curación, y regeneración / |
||
| 260 |
_aLa Paz : _bt´ika & teko, _c2013. |
||
| 300 |
_a24 paginas; _btablas, dibujos, ilustraciones, _c20 cm. |
||
| 500 | _aCoca Edicion resumida | ||
| 505 | _aContenido: hoja de coca -- droga -- nutrientes -- clorofila -- masticación... | ||
| 650 |
_aCoca _921158 |
||
| 650 |
_aAlimenticios _921159 |
||
| 650 |
_aCuarción _921160 |
||
| 650 |
_aRegeneración _921161 |
||
| 700 |
_aNishi, Yoshito _921162 |
||
| 942 |
_2ddc _cLIBROS |
||
| 945 | _apjha | ||